Egypt spectral shift control concept for OECD VVER-1000 leu assembly computational benchmark using Monte-Carlo code serpent; Научная инициатива иностранных студентов и аспирантов; Т. 2

Бібліографічні деталі
Parent link:Научная инициатива иностранных студентов и аспирантов: сборник докладовI Международной научно-практической конференции, Томск, 27-29 апреля 2021 г./ Национальный исследовательский Томский политехнический университет, Школа базовой инженерной подготовки.— , 2021
Т. 2.— 2021.— [С. 432-434]
Автор: Elzayat T.
Співавтор: Национальный исследовательский Томский политехнический университет Инженерная школа ядерных технологий Отделение ядерно-топливного цикла
Інші автори: Chertkov Yu. B. Yuri Borisovich (научный руководитель), Ashraf O.
Резюме:Заглавие с титульного экрана
Мова:Англійська
Опубліковано: 2021
Серія:Science as a vocation and career
Предмети:
Онлайн доступ:http://earchive.tpu.ru/handle/11683/67890
Формат: MixedMaterials Електронний ресурс Частина з книги
KOHA link:https://koha.lib.tpu.ru/cgi-bin/koha/opac-detail.pl?biblionumber=633100

MARC

LEADER 00000naa2a2200000 4500
001 633100
005 20231228120857.0
035 |a (RuTPU)RU\TPU\conf\34848 
035 |a RU\TPU\conf\34829 
090 |a 633100 
100 |a 20210628d2021 k y0rusy50 ba 
101 0 |a eng 
102 |a RU 
105 |a y z 101zy 
135 |a drcn ---uucaa 
181 0 |a i  
182 0 |a b 
200 1 |a Egypt spectral shift control concept for OECD VVER-1000 leu assembly computational benchmark using Monte-Carlo code serpent  |f T. Elzayat, Yu. B. Chertkov, O. Ashraf  |g sci. adv. Yu. B. Chertkov 
203 |a Текст  |c электронный 
225 1 |a Science as a vocation and career 
300 |a Заглавие с титульного экрана 
320 |a [Библиогр.: с. 434 (3 назв.)] 
461 1 |0 (RuTPU)RU\TPU\conf\34751  |t Научная инициатива иностранных студентов и аспирантов  |o сборник докладовI Международной научно-практической конференции, Томск, 27-29 апреля 2021 г.  |o в 2 т.  |f Национальный исследовательский Томский политехнический университет, Школа базовой инженерной подготовки  |d 2021 
463 1 |0 (RuTPU)RU\TPU\conf\34755  |t Т. 2  |v [С. 432-434]  |d 2021 
610 1 |a труды учёных ТПУ 
610 1 |a электронный ресурс 
610 1 |a спектральные сдвиги 
610 1 |a ВВЭР-1000 
610 1 |a топливные ресурсы 
610 1 |a топливные характеристики 
610 1 |a ядерные реакторы 
610 1 |a тепловыделяющие сборки 
610 1 |a метод Монте-Карло 
700 1 |a Elzayat  |b T. 
701 1 |a Chertkov  |b Yu. B.  |c physicist  |c Associate Professor of Tomsk Polytechnic University, Candidate of physical and mathematical sciences  |f 1948-  |g Yuri Borisovich  |3 (RuTPU)RU\TPU\pers\31212  |9 15408 
701 1 |a Ashraf  |b O. 
702 1 |a Chertkov  |b Yu. B.  |c physicist  |c Associate Professor of Tomsk Polytechnic University, Candidate of physical and mathematical sciences  |f 1948-  |g Yuri Borisovich  |4 727 
712 0 2 |a Национальный исследовательский Томский политехнический университет  |b Инженерная школа ядерных технологий  |b Отделение ядерно-топливного цикла  |3 (RuTPU)RU\TPU\col\23554 
801 2 |a RU  |b 63413507  |c 20210706  |g RCR 
856 4 |u http://earchive.tpu.ru/handle/11683/67890 
942 |c BK